Why did the prophet Muhammed contract multiple marriages (Record no. 1793)

MARC details
000 -BAŞLIK
Sabit Uzunlukta Kontrol Alanı 00878na a2200265 4500
001 - KONTROL NUMARASI
Denetim Alanı 12957
003 - KONTROL NUMARASI IDENTIFIER
Denetim Alanı MIRAKIL
005 - SON İŞLEM TARİHİ VE ZAMANI
Denetim Alanı 20181213154835.0
008 - SABİT-BOY VERİ ELEMANLARI - GENEL BİLGİLER
Sabit Uzunlukta Kontrol Alanı 160831b tu 000 0
020 ## - ULUSLARARASI STANDART KİTAP NUMARASI
Uluslararası Standart Kitap Numarası 9751921678
035 ## - SİSTEM KONTROL NUMARASI
Sistem Kontrol Numarası 12957
040 ## - KATALOGLAMA KAYNAK
Orijinal Kataloglama Ajansı Milas
Kataloglama Dili tur
Metne Dönüştürmek Ajansı TR-AnCHP
082 ## - DEWEY ONLU SINIFLANDIRMA NUMARASI
Sınıflandırma Numarası 297.63
Ürün Numarası V51w 1999
090 ## - SINIFLAMA NUMARASI
Sınıflama Numarası 297.63 V51w 1999
100 ## - ANA GİRİŞ - KİŞİSEL İSİM
Kişisel Ad Vicdani, Ebu Rıdvan M. Sadık
245 ## - BAŞLIK TABLOSU
Başlık Why did the prophet Muhammed contract multiple marriages
Sorumluluk Tablosu, Vb Ebu Rıdvan M. Sadık Vicdani ; translated by Yaşar Çolak
260 ## - YAYIN, DAĞITIM, VB
Yayın, Dağıtım, Vb Yeri Ankara
Yayıncı, Dağıtıcı, Vs Adı Diyanet İşleri Başkanlığı
Yayın, Dağıtım, Vb Tarihi 1999
300 ## - FİZİKSEL TANIM
Kapsam 160 s.
Boyutlar 19 sm.
490 ## - SERİSİ TABLOSU
Seri Beyanı Popüler kitaplar serisi
Hacim / Ardışık Tanımı 123
490 ## - SERİSİ TABLOSU
Seri Beyanı Diyanet İşleri Başkanlığı yayınları
Hacim / Ardışık Tanımı 426
650 ## - KONU KATMA GİRİŞ - TOPİKAL DÖNEM
Topikal Süreli Veya Coğrafi Ad Giriş Elemanı Evlilik adetleri ve törenleri
Genel Alt Bölümü İslam dini
650 ## - KONU KATMA GİRİŞ - TOPİKAL DÖNEM
Topikal Süreli Veya Coğrafi Ad Giriş Elemanı İslamiyet
Genel Alt Bölümü Hz. Muhammed
-- Evlilik
700 ## - KATMA GİRİŞ - KİŞİSEL İSİM
Kişisel Ad Çolak,Yaşar
942 ## - EKLENDİ GİRİŞ ELEMANLARI (KOHA)
Sınıflandırma Veya Raf Düzeni Kaynak Dewey Decimal Classification
Koha Öğesi Türü Books
999 ## - SİSTEM KONTROL NUMARALARI (KOHA)
Koha Biblionumber 1793
Koha Biblioitemnumber 1793
Holdings
Kalıcı Konum Mevcut Konum Edinme Tarihi Edinim Kaynak Toplam Check-Out'Lar Tam Çağrı Numarası Barkod Tarih Son Görülme İtibaren Geçerli Fiyatlar Koha Öğesi Türü
CHP Kütüphanesi CHP Kütüphanesi 08/03/2016 Bağış   297.63 V51w 1999 000375 08/03/2016 08/03/2016 Books